00425nam a2200121Ia 4500008004100000245011300041260003500154260000900189300000800198500001800206650001300224856006600237170516s9999 xx 000 0 und d aDissolution improvement of nebivolol hydrochloride using solid dispersion adsorbate technique Mr. Harsh Shah bAsian Journal of Pharmaceutics c2015 a9:1 aJanuary-March xPharmacy uhttp://www.asiapharmaceutics.info/index.php/ajp/issue/view/53